| 000 | 00690nam a2200229 a 4500 | ||
|---|---|---|---|
| 005 | 20220810203320.0 | ||
| 008 | 050828s1985 es r 000 0 spa d | ||
| 020 | _a847530991 | ||
| 035 | _aUPN01000139857 | ||
| 049 | _aCG | ||
| 050 | 4 |
_aDG277 _bS8.3 1985 |
|
| 100 | 1 |
_aSuetonio Tranquilo, Cayo, _dca. 69-140 _927904 |
|
| 245 | 1 | 4 |
_aLos doce césares / _cCayo Suetonio Tranquilo ; tr. Jaime Arnal. |
| 250 | _a3a ed. | ||
| 260 |
_aBarcelona, Esp. : _bOrbis, _c1985. |
||
| 300 | _a344 p. | ||
| 440 | 0 |
_aBiblioteca de historia ; _v7. |
|
| 534 | _pDe vita Caesarum | ||
| 650 | 0 |
_aEmperadores romanos _91646 |
|
| 651 | 0 |
_aRoma _xHistoria _yImperio, 30 A.c.-284 D.c. _94132 |
|
| 905 | _aLibro | ||
| 999 |
_c112005 _d112005 |
||